Les 20 joueurs les plus décisifs sur une saison en Premier League. - Statistiques

Statistiques générales
  • Ce quiz a été pris 285 fois
  • Le résultat moyen est 15 sur 20
Statistiques - réponses
G+A Joueurs Saisons % Correct
44 Erling Haaland 22/23
99%
42 Mohamed Salah 17/18
93%
36 Mohamed Salah 21/22
93%
37 Harry Kane 20/21
84%
36 Harry Kane 16/17
84%
33 Harry Kane 22/23
84%
32 Harry Kane 17/18
84%
34 Sergio Aguero 14/15
84%
44 Thierry Henry 02/03
84%
39 Thierry Henry 04/05
84%
36 Thierry Henry 03/04
84%
35 Thierry Henry 05/06
84%
37 Cristiano Ronaldo 07/08
82%
33 Kevin De Bruyne 19/20
79%
39 Didier Drogba 09/10
71%
39 Robin Van Persie 11/12
66%
35 Robin Van Persie 12/13
66%
36 Frank Lampard 09/10
55%
43 Luis Suarez 13/14
55%
34 Alexis Sanchez 16/17
21%
Aucun quiz correspondant
Distribution des résultats
% des personnes avec chaque résultat
Percentile par nombre de réponses
Votre historique - résultats
Vous n’avez pas pris ce quiz